000 01240nam a2200253Ia 4500
001 8600
003 GE_BSU
008 181216s||||||||xx |||||||||||||| ||und||
040 _cGE_BSU
080 _a821.353.1-1
100 _aთანიაშვილი, სულხან
245 _aამირან-დარეჯანიანი
245 _bგალექსილი ვარიანტი
245 _cგ. ჯაკობიას რედ. წინასიტყვაობით, ლექსიკონით და შენიშვნებით
250 _aსაქართველოს სსრ. მეცნიერებათა აკადემია. საქართველოს სახელმწიფო მუზეუმი.
260 _aთბილისი.
260 _bმეცნიერებათა აკადემიის გამ-ბა
260 _c1941
300 _a380 გვ; 23 სმ.
300 _bგაშლილი თავფურცელი რუსულ ენაზე
653 _aამირან-დარეჯანიანი
653 _aგალექსილი ვარიანტი
942 _cBK
999 _c41916
_d41916